| 000 | 00700nam a2200265 a 4500 | ||
|---|---|---|---|
| 003 | AR-BaBNM | ||
| 005 | 20251128204826.0 | ||
| 008 | 082120s2002 ||||||||||||||000 | spa|| | ||
| 020 | _a950-507-347-X | ||
| 040 | _cAR-BaBNM | ||
| 100 | 1 | _aMc Loughlin, Juan Pedro | |
| 245 | 0 | 0 |
_aEl increíble robo del escondite secreto _bun caso para el inspector Pipa González |
| 250 | _a2ª ed. | ||
| 260 |
_aBuenos Aires _bBonum _c1994 |
||
| 300 |
_a103 p. _bil. |
||
| 490 | 0 | _aLuna misteriosa | |
| 650 | 4 | _aLITERATURA INFANTIL | |
| 650 | 4 | _aLIBROS PARA NIÑOS | |
| 650 | 4 | _aPUBERTAD | |
| 650 | 4 | _aLECTURA | |
| 653 | _aCUENTOS DE MISTERIO | ||
| 655 | _aLITERATURA | ||
| 942 | _cBK | ||
| 998 | _claura | ||
| 999 |
_c8965 _d8965 |
||